[Event "Komi-ch"]
[Site "Vorkuta"]
[Date "2013.02.22"]
[Round "7"]
[White "Vasilev, Peter"]
[Black "Fedotov, Aleksandr"]
[Result "1-0"]
[WhiteElo "1965"]
[BlackElo "1774"]
[PlyCount "47"]
[EventDate "2013.02.16"]
[EventType "swiss"]
[EventRounds "9"]
[EventCountry "RUS"]
[SourceTitle "CBM 153 Extra"]
[Source "ChessBase"]
[SourceDate "2013.04.22"]
[SourceVersion "1"]
[SourceVersionDate "2013.04.22"]
[SourceQuality "1"]

1. c4 b5 2. cxb5 a6 3. bxa6 Nxa6 4. Nf3 Nf6 5. g3 Bb7 6. Bg2 g5 7. 0-0 g4 8. Nh4 Bxg2 9. Nxg2 c5 10. d4 e6 11. Nc3 Nb4 12. Bg5 Be7 13. dxc5 Nfd5 14. Bxe7 Qxe7 15. Nxd5 Nxd5 16. Qd4 Rg8 17. b4 f5 18. e4 fxe4 19. Qxe4 Ra3 20. Nf4 Nf6 21. Qc2 h5 22. Rfe1 Rf3 23. Qc4 h4 24. Nxe6 1-0

[Event "Komi-ch"]
[Site "Vorkuta"]
[Date "2013.02.18"]
[Round "3"]
[White "Fedotov, Aleksandr"]
[Black "Beznosikov, Vladimir"]
[Result "0-1"]
[WhiteElo "1774"]
[BlackElo "2296"]
[PlyCount "76"]
[EventDate "2013.02.16"]
[EventType "swiss"]
[EventRounds "9"]
[EventCountry "RUS"]
[SourceTitle "CBM 153 Extra"]
[Source "ChessBase"]
[SourceDate "2013.04.22"]
[SourceVersion "1"]
[SourceVersionDate "2013.04.22"]
[SourceQuality "1"]

1. e4 d5 2. exd5 Qxd5 3. Nc3 Qd6 4. d4 c6 5. g4 h6 6. h3 Nf6 7. Nge2 Be6 8. Bg2 g5 9. b4 Bg7 10. b5 0-0 11. a4 Bd5 12. 0-0 Bxg2 13. Kxg2 Re8 14. Ba3 Qc7 15. Ng3 Nbd7 16. Qf3 Nf8 17. Nce4 Ng6 18. Nf5 Nd5 19. Kh1 Rad8 20. c4 Ndf4 21. Rad1 cxb5 22. cxb5 Qc4 23. Nc5 b6 24. Rc1 Qe2 25. Qxe2 Nxe2 26. Nb7 Rd7 27. Rce1 Ngf4 28. Nxe7+ Rexe7 29. Bxe7 Rxb7 30. Bd6 Bxd4 31. Bxf4 Nxf4 32. h4 Kg7 33. Re4 Bc5 34. Kh2 Rd7 35. hxg5 hxg5 36. a5 Rd3 37. axb6 axb6 38. Re5 f6 0-1

[Event "Zhukovsky op"]
[Site "Zhukovsky"]
[Date "2011.02.19"]
[Round "3"]
[White "Komyagin, Mikhail"]
[Black "Fedotov, Aleksandr"]
[Result "0-1"]
[WhiteElo "1534"]
[BlackElo "1789"]
[PlyCount "68"]
[EventDate "2011.02.17"]
[EventType "swiss"]
[EventRounds "9"]
[EventCountry "RUS"]
[SourceTitle "CBM 141 Extra"]
[Source "ChessBase"]
[SourceDate "2011.05.03"]
[SourceVersion "1"]
[SourceVersionDate "2011.05.03"]
[SourceQuality "1"]

1. e4 c6 2. d4 d5 3. e5 Bf5 4. Nf3 e6 5. Be2 c5 6. c3 Nc6 7. 0-0 Rc8 8. Bf4 Qb6 9. b3 h6 10. h3 Be4 11. Be3 cxd4 12. cxd4 Nge7 13. Nc3 Bxf3 14. Bxf3 Nf5 15. Na4 Qd8 16. Qd2 b5 17. Nc5 Bxc5 18. dxc5 Nxe5 19. Rac1 Nxf3+ 20. gxf3 a6 21. Bf4 0-0 22. Kh1 Kh8 23. b4 Qf6 24. Rce1 Nd4 25. Qd3 Qxf4 26. Re3 Nc6 27. a3 d4 28. Re4 Qf5 29. Qe2 Qxh3+ 30. Kg1 Rcd8 31. Rd1 Rd5 32. Rg4 Rh5 33. Rh4 Rxh4 34. f4 Qh1# 0-1

[Event "Zhukovsky op 05"]
[Site "Zhukovsky"]
[Date "2011.??.??"]
[Round "7"]
[White "Fedotov, Aleksandr"]
[Black "Nekrasov, Evgeny G"]
[Result "0-1"]
[WhiteElo "1789"]
[BlackElo "2078"]
[PlyCount "96"]
[EventDate "2011.05.15"]
[EventType "swiss"]
[EventRounds "9"]
[EventCountry "RUS"]
[SourceTitle "EXT 2012"]
[Source "ChessBase"]
[SourceDate "2011.11.24"]
[SourceVersion "1"]
[SourceVersionDate "2011.11.24"]
[SourceQuality "1"]

1. d4 e6 2. c4 b6 3. Nc3 Bb7 4. e4 Bb4 5. Bd3 f5 6. Qe2 Nf6 7. Bg5 h6 8. Bxf6 Qxf6 9. Nf3 Bxc3+ 10. bxc3 Qg6 11. Nh4 Qg5 12. g3 f4 13. Nf3 Qf6 14. e5 Qf8 15. Bg6+ Kd8 16. Be4 Nc6 17. d5 Na5 18. dxe6 dxe6 19. Bxb7 Nxb7 20. Qe4 Rb8 21. Rd1+ Kc8 22. Ke2 fxg3 23. fxg3 Nc5 24. Qe3 Qf5 25. h3 Qc2+ 26. Rd2 Qe4 27. Rhd1 Qxc4+ 28. Ke1 Rf8 29. Rd4 Qb5 30. Rb4 Qc6 31. Ke2 Kb7 32. Rc4 Qb5 33. Rdd4 Rbd8 34. Kf2 Qb2+ 35. Ke1 Qb1+ 36. Ke2 Qxa2+ 37. Nd2 Nb3 38. Qe4+ Kb8 39. Qc6 Nxd4+ 40. cxd4 Rf2+ 41. Kxf2 Qxd2+ 42. Kg1 Qe1+ 43. Kg2 Qe2+ 44. Kg1 Qe1+ 45. Kg2 Rc8 46. h4 g5 47. hxg5 hxg5 48. Qd7 Qe2+ 0-1

[Event "Zhukovsky op-B 05"]
[Site "Zhukovsky"]
[Date "2010.05.14"]
[Round "9"]
[White "Kuznetsov, Yuriy"]
[Black "Fedotov, Aleksandr"]
[Result "1-0"]
[WhiteElo "1784"]
[BlackElo "1775"]
[PlyCount "83"]
[EventDate "2010.05.14"]
[EventType "swiss"]
[EventRounds "9"]
[EventCountry "RUS"]
[SourceTitle "EXT 2022"]
[Source "ChessBase"]
[SourceDate "2021.10.06"]
[SourceVersion "1"]
[SourceVersionDate "2021.10.06"]
[SourceQuality "1"]

1. d4 d5 2. c4 c6 3. Nf3 e6 4. Bf4 Nf6 5. e3 Bb4+ 6. Nc3 Ne4 7. Qc2 Qa5 8. Rc1 Qxa2 9. Bd3 Bxc3+ 10. bxc3 Qxc2 11. Rxc2 Nf6 12. Bd6 dxc4 13. Bxc4 Ne4 14. Ba3 Nd7 15. Bd3 Nef6 16. 0-0 b5 17. c4 a6 18. e4 Bb7 19. Re1 h6 20. h3 Kd8 21. e5 Ne8 22. Be4 Rb8 23. Ra1 Nb6 24. Nd2 Kd7 25. Bb4 Nc7 26. Ba5 Nxc4 27. Nxc4 bxc4 28. Rxc4 Nd5 29. g3 g5 30. Bxd5 exd5 31. Rb4 c5 32. dxc5 Bc6 33. Rab1 Rxb4 34. Rxb4 Bb5 35. f4 gxf4 36. Rxf4 Ke6 37. Bc3 Rg8 38. Rf6+ Ke7 39. Kf2 Rg6 40. Rb6 Rxb6 41. cxb6 h5 42. b7 1-0

[Event "Zhukovsky-chB"]
[Site "Zhukovsky"]
[Date "2010.04.01"]
[Round "7"]
[White "Fedotov, Aleksandr"]
[Black "Voronina, Paola"]
[Result "0-1"]
[WhiteElo "1771"]
[BlackElo "1691"]
[PlyCount "102"]
[EventDate "2010.04.01"]
[EventType "swiss"]
[EventRounds "9"]
[EventCountry "RUS"]
[SourceTitle "EXT 2022"]
[Source "ChessBase"]
[SourceDate "2021.10.06"]
[SourceVersion "1"]
[SourceVersionDate "2021.10.06"]
[SourceQuality "1"]

1. d4 d5 2. c4 e6 3. Nc3 Nf6 4. Bg5 Be7 5. Nf3 0-0 6. e3 b6 7. Rc1 Bb7 8. cxd5 Nxd5 9. Bxe7 Qxe7 10. Be2 c5 11. 0-0 Nd7 12. dxc5 Nxc5 13. Nd4 Rfd8 14. Nxd5 Bxd5 15. Bf3 Qf6 16. Bxd5 Rxd5 17. Qc2 h6 18. b4 Nd7 19. Qe4 Qe5 20. Qf3 Qf6 21. Qe2 a5 22. b5 Nc5 23. Nc6 Kh8 24. e4 Rd7 25. Rfd1 Rxd1+ 26. Rxd1 Rc8 27. e5 Qf4 28. g3 Qa4 29. Rd4 Qa3 30. Qd2 Kh7 31. Qc2+ g6 32. h4 h5 33. Qd2 Rc7 34. g4 Qh3 35. gxh5 gxh5 36. Qe2 Qf5 37. Qe3 Qb1+ 38. Kg2 Qxb5 39. Nd8 Rd7 40. Rxd7 Qxd7 41. Qg5 Qd5+ 42. Kh2 Qf3 43. Qg3 Qf5 44. Kg2 Nd7 45. f4 Nc5 46. Nc6 Qc2+ 47. Kh3 Ne4 48. Qf3 Qxc6 49. Qxh5+ Kg7 50. Qg4+ Kf8 51. Qh5 Qc3+ 0-1

[Event "Zhukovsky Elo-B 08"]
[Site "Zhukovsky"]
[Date "2009.08.14"]
[Round "2"]
[White "Vatolin, Petr"]
[Black "Fedotov, Aleksandr"]
[Result "1-0"]
[WhiteElo "1664"]
[BlackElo "1789"]
[PlyCount "100"]
[EventDate "2009.08.14"]
[EventType "swiss"]
[EventRounds "7"]
[EventCountry "RUS"]
[SourceTitle "EXT 2022"]
[Source "ChessBase"]
[SourceDate "2021.10.06"]
[SourceVersion "1"]
[SourceVersionDate "2021.10.06"]
[SourceQuality "1"]

1. e4 c6 2. d4 d5 3. Nc3 dxe4 4. Nxe4 Bf5 5. Ng3 Bg6 6. f4 e6 7. Nf3 Nd7 8. Bd3 Bxd3 9. Qxd3 Ngf6 10. 0-0 Be7 11. Kh1 0-0 12. Ne5 Nb6 13. c4 c5 14. Qf3 Qc7 15. dxc5 Bxc5 16. b3 Bd4 17. Rb1 Rab8 18. Bb2 Bxb2 19. Rxb2 Nbd7 20. Nxd7 Nxd7 21. Rd2 b6 22. Rfd1 Nf6 23. Ne4 Nxe4 24. Qxe4 Rbd8 25. Rd4 g6 26. Qd3 Rxd4 27. Qxd4 Qc6 28. Qf6 Qe4 29. h3 Re8 30. Rd7 Qf5 31. Qxf5 exf5 32. Rxa7 Kg7 33. Rb7 Re6 34. b4 Rc6 35. a4 h6 36. Kg1 Kf6 37. b5 Rd6 38. Rc7 Rd4 39. Rc6+ Kg7 40. Rxb6 Rxc4 41. a5 Rxf4 42. a6 Ra4 43. Rb7 f4 44. a7 Ra1+ 45. Kf2 Ra2+ 46. Kf3 Ra3+ 47. Ke4 Ra4+ 48. Kd5 Ra2 49. Rd7 h5 50. Kc6 g5 1-0